Spell the Marvel Character #98 - Statistics

General Stats
  • This quiz has been taken 31 times
  • The average score is 4 of 7
Answer Stats
Picture Answer % Correct
Storm
95%
Adam Warlock
89%
Elsa Bloodstone
79%
Mantis
58%
Quasar
47%
Masque
42%
Ultragirl
26%
No matching quizzes found
Score Distribution
Percent of People with Each Score
Percentile by Number Answered
Your Score History
You have not taken this quiz